Kariera klubowa Grzegorza Krychowiaka - Statystyki

Ogólne statystyki
  • Ten quiz został rozwiązany 464 razy
  • Średni wynik to 5 z 12
Statystyki odpowiedzi
Lata gry Klub % Poprawnych
2016 - 2019 Paris Saint-Germain
97%
2014 - 2016 Sevilla
92%
2018 - 2021 Lokomotiw Moskwa
56%
2017 - 2018 West Bromwich Albion
39%
2022–2023 Al-Shabab
36%
2021 - 2023 FK Krasnodar
34%
2008 - 2012 Girondins Bordeaux
32%
2023 - obecnie Abha Club
28%
2009 - 2011 Stade de Reims
25%
2012 - 2014 Stade de Reims
25%
2022 AEK Ateny
23%
2011 - 2012 FC Nantes
13%
Nie znaleziono quizów pasujących do podanych kryteriów
Rozkład punktacji
Procent ludzi z każdym wynikiem
Percentyl według liczby udzielonych odpowiedzi
Twoja historia wyników
Nie rozwiązałeś tego quizu